000 00544nam a2200193Ia 4500
005 20250423095118.0
008 250422s9999 xx 000 0 und d
020 _a9780273719601
050 _aHF 5548 .32 .C472/
100 _aChaffey, Dave
245 0 _aE-business and e-commerce management : strategy, implementation and practice
250 _a4th ed.
260 _aHarlow
260 _b Prentice Hall
260 _c2009
300 _a764 p
650 _aElectronic commerce. Business enterprises --Computer networks.
942 _cBK
999 _c29273
_d29273